ILT20 Teams by Logo - Statistics

General Stats
  • This quiz has been taken 20 times
  • The average score is 5 of 6
Answer Stats
Picture Answer % Correct
Abu Dhabi Knight Riders
92%
Desert Vipers
83%
Dubai Capitals
83%
Gulf Giants
83%
MI Emirates
75%
Sharjah Warriors
67%
No matching quizzes found
Score Distribution
Percent of People with Each Score
Percentile by Number Answered
Your Score History
You have not taken this quiz